• 首页
  • 本馆介绍
  • 公告通知
  • 最新文献
  • 馆藏检索
  • 电子资源
  • 读者导购
  • 参考咨询
  • 我的图书馆
  • 登录
  • 详细信息显示
  • 放入我的书架
  • 预约/预借图书
  • 作者相关作品
  • 分类相关作品
  • 丛书相关作品
  • 出版社相关作品

书目信息

  • 表格格式
  • 工作单格式
  • 卡片格式
题名:
智慧城市中的移动互联网技术
    
 
作者: 秦志光 主编 ;程红蓉 , 周尔强 , 熊虎 编著
分册:  
出版信息: 北京   人民邮电出版社  2015.2
页数: 198页
开本: 24cm
丛书名:
单 册:
中图分类: TN929.5 , F291.1-39
科图分类:
主题词: 移动通信--互联网络--应用--现代化城市--城市建设--研究
电子资源:
ISBN: 978-7-115-37284-0
000 01134nam0 2200301 450
001 0400001173
005 20171015084406.0
010    @a978-7-115-37284-0@dCNY65.00
100    @a20151126d2015 em y0chiy0110 ea
101 0  @achi
102    @aCN@b110000
105    @ay z 001yy
106    @ar
200 1  @a智慧城市中的移动互联网技术@9zhi hui cheng shi zhong de yi dong hu lian wang ji shu@d= Smart city with mobile networks technology@f秦志光主编@g程红蓉,周尔强,熊虎编著@zeng
210    @a北京@c人民邮电出版社@d2015.2
215    @a198页@d24cm
320    @a有书目和索引
330    @a本书以智慧城市和移动互联网技术之间的本质联系为出发点,通过生动的案例从不同的视角介绍智慧城市的内涵和移动互联网技术。
510 1  @aSmart city with mobile networks technology@zeng
606 0  @a移动通信@x互联网络@x应用@x现代化城市@x城市建设@x研究
690    @aTN929.5@v5
690    @aF291.1-39@v5
701  0 @a秦志光@9qin zhi guang@4主编
702  0 @a程红蓉@9cheng hong rong@4编著
702  0 @a周尔强@9zhou er qiang@4编著
702  0 @a熊虎@9xiong hu@4编著
801  0 @aCN@b91MARC@c20171015
905    @b1020256-60@dTN929.5@f5@e158
    
    智慧城市中的移动互联网技术= Smart city with mobile networks technology/秦志光主编/程红蓉,周尔强,熊虎编著.-北京:人民邮电出版社,2015.2
    198页;24cm
    
    
    ISBN 978-7-115-37284-0:CNY65.00
    本书以智慧城市和移动互联网技术之间的本质联系为出发点,通过生动的案例从不同的视角介绍智慧城市的内涵和移动互联网技术。
●
相关链接 在E读中查询图书 在五车中查询图书 在当当中查询图书 在豆瓣中查询图书


正题名:智慧城市中的移动互联网技术     索取号:TN929.5/158         预约/预借

序号 登录号 条形码 馆藏地/架位号 状态 备注
1 1020256   210202564   第二样本阅览室/ [索取号:TN929.5/158] 在馆    
2 1020257   210202573   密集书库-物理学院/ [索取号:TN929.5/158] 在馆    
3 1020258   210202582   第三借阅区/ [索取号:TN929.5/158] 在馆    
4 1020259   210202591   第三借阅区/ [索取号:TN929.5/158] 在馆    
5 1020260   210202608   第三借阅区/ [索取号:TN929.5/158] 在馆    
唐山师范学院图书馆 欢迎您!
大连网信软件有限公司© 版权所有